000 00631nam a22002417a 4500
003 UA-OsUOA
001 62303
007 ta
008 20090818b un ||||| |||| 00| 0 ukr d
100 _aТулынов Б.
700 _aЧекмарьов Я.
090 _a512(075.8)
_bТ82
942 _cBK
040 _aUA-OsUOA
_bukr
_cUA-OsUOA
_dUA-OsUOA
245 _aАрифметика для педагогічних училищ
300 _a271 с.
955 _a2
041 _aukr
080 _a512(075.8)
260 _aК.
_bРадянська школа
_c1951
650 7 _a512 Алгебра
_2UDC
999 _c348396
_d348396